| 000 | 00523nam a22001457a 4500 | ||
|---|---|---|---|
| 022 | _a978-93-5103-134-5 | ||
| 082 |
_a823 _bPIC/T |
||
| 100 | _aPICHON L | ||
| 245 | _aTOM GATES | ||
| 260 |
_aUK _bSCHOLASTIC LTD _c2015 |
||
| 300 | _a210 | ||
| 520 | _aPichon's Tom Gates series is a funny look at the everyday life of a kid who tries to get away with the bare minimum at school and home so he can focus on the things he loves: drawing, his band, and tormenting his older sister, Delia. | ||
| 650 | _aSHORT STORY | ||
| 942 | _cBK | ||
| 999 |
_c6446 _d6446 |
||